000 00428nam a22001457a 4500
008 230519b |||||||| |||| 00| 0 eng d
020 _a987-99936-777-1-1
082 _a954.98
100 _aThe National Museum of Bhutan
245 _aIntangible Culture of Bhutan,
_bThe proceedings of the sixth colloquium
250 _a2nd edition
300 _a650 p.
_c23 cm
942 _2ddc
999 _c9569
_d9570